AI in the healthcare sector (Record no. 395184)

MARC details
000 -LEADER
fixed length control field 00495 a2200193 4500
005 - DATE & TIME
control field 20260203161445.0
008 - FIXED-LENGTH DATA ELEMENTS--GENERAL INFORMATION
fixed length control field 260203b |||||||| |||| 00| 0 eng d
020 ## - ISBN
International Standard Book Number 9789349583498
Price Rs. 3495.00
040 ## - CATALOGING SOURCE
Original cataloging agency VIVEKANANDA LIBRARY
082 ## - DDC NUMBER
Classification number 610.285
Book Number H27A
100 ## - MAIN ENTRY--PERSONAL NAME
Personal name Hasan, Nafisul
245 ## - TITLE STATEMENT
Title AI in the healthcare sector
260 ## - PUBLICATION, DISTRIBUTION, ETC. (IMPRINT)
Name of publisher, distributor, etc Amiga Press
Date of publication, distribution, etc 2026
Place of publication, distribution, etc New Delhi
300 ## - PHYSICAL DESCRIPTION
Pages xviii, 295
650 ## - Subject
Subject Medicine
650 ## - Subject
Subject Health Science
650 ## - Subject
Subject Artificial Intelligence
942 ## - ADDED ENTRY ELEMENTS (KOHA)
Koha item type Books
Holdings
Withdrawn status Lost status Source of classification or shelving scheme Damaged status Not for loan Location (home branch) Sublocation or collection (holding branch) Shelving location Date acquired Koha issues (times borrowed) Koha full call number Accession No. Koha date last seen Koha item type
    Dewey Decimal Classification     VIVEKANANDA LIBRARY VIVEKANANDA LIBRARY Vivekananda Library 07/01/2026   610.285 H27A 444051 07/01/2026 Books
© Designed and Maintained by Vivekananda Library, MDU Rohtak